000 01034nam a2200265Ia 4500
003 OSt
005 20220923211215.0
006 a|||||r|||| 00| 0
007 ta
008 220922b |||||||| |||| 00| 0 hin d
020 _a9788126330539 (hbk)
_c70
024 _a261,106
037 _b307, 16/11/2011, Eastern Book Linkers
_cTextual
040 _aARTS
_cARTS
_bhin
041 _2hin
_ahin
082 _aO152,3N11,28, K1;Q1
100 _aवात्स्यायन, सच्चिदानन्द, अज्ञेय
_9159657
245 0 _aअपने अपने अजनबी
246 _aApane apane ajanabī
260 _aदिल्ली
_b भारतीय ज्ञानपीठ
_c2011
300 _a72पृ.
_ccm.
650 _aहिन्दी साहित्य
_9156264
942 _hO152,3N11,28, K1;Q1
_cTEXL
_2CC
999 _c296892
_d296892